| 000 | 00380nam a2200133Ia 4500 | ||
|---|---|---|---|
| 008 | 220216s9999 xx 000 0 und d | ||
| 100 | _aDesalphine S.M. | ||
| 245 | 0 | _aCentenary celebrations Indian rubber plantation industry | |
| 260 |
_bIndian Rubber Journal _c2003 |
||
| 300 | _a21-23 | ||
| 650 | _aIndian rubber industry | ||
| 650 | _aRubber plantation industry | ||
| 942 | _cBS | ||
| 999 |
_c51255 _d51255 |
||